000 00727nam a2200217 a 4500
001 000027338
005 20250512093701.0
008 100804s1969 dr g 000 0 spa d
020 _a9789945404296
040 _aDO-SdBNP
_bspa
_cBNPHU
082 _axxxx
_bH557m
100 1 _aHernández, Julio Alberto,
_d1900-1999
_954416
245 1 0 _aMúsica tradicional dominicana /
_cJulio Alberto Hernández.
260 _aSanto Domingo :
_bMinisterio de Cultura,
_c1969.
300 _a195 p. :
_bmús. ;
_c23 cm.
490 1 _aArtistas dominicanos
500 _aIncluye datos biográficos del autor en las solapas
700 1 _aAlmánzar Botello, Armando,
_d1956-
_eed.
_9826
830 0 _aArtistas dominicanos
_954417
049 _aBNPD
999 _c26830
_d26830